00240nam a22001097a 4500040000700000082000800007100000700015245007100022260001500093942000700108999001500115 cSK a399 aNA aGenetic improvement of forest trees through selection and breeding aNAbNAcNA cEK c9440d9440